00423nam a22000977a 4500008004100000082002100041245019200062260003700254300001000291710002400301230612b xxu||||| |||| 00| 0 eng d a352.4b100001594 aThe Report of The Controller The Appropriation Accounts, other Public Accounts details including Accounts of the Funds of the Republic of Kenya for the Year 2006/2007cGovernment of Kenya aKenyabGovernment of Kenyac2008 a608 p bGovernment of Kenya